Koonanthara Paramuvum Poona Kesavanum / (Record no. 531)
[ view plain ]
| 000 -LEADER | |
|---|---|
| fixed length control field | 00445cam a2200181ua 4500 |
| 041 ## - LANGUAGE CODE | |
| Language code of text/sound track or separate title | mal |
| 082 ## - DEWEY DECIMAL CLASSIFICATION NUMBER | |
| Classification number | 894.812 7 |
| Item number | KAL/KO |
| 100 ## - MAIN ENTRY--AUTHOR NAME | |
| Personal name | Kalki, . |
| 245 00 - TITLE STATEMENT | |
| Title | Koonanthara Paramuvum Poona Kesavanum / |
| 260 ## - PUBLICATION, DISTRIBUTION, ETC. (IMPRINT) | |
| Place of publication | Kollam : |
| Name of publisher | Roby Books , |
| Year of publication | 1960. |
| 300 ## - PHYSICAL DESCRIPTION | |
| Number of Pages | 121 ; . |
| 650 ## - SUBJECT ADDED ENTRY--TOPICAL TERM | |
| Topical Term | Humour - Malayalam |
| 942 ## - ADDED ENTRY ELEMENTS (KOHA) | |
| Koha item type | Books |
| Withdrawn status | Lost status | Damaged status | Home library | Current library | Date acquired | Full call number | Accession Number | Koha item type |
|---|---|---|---|---|---|---|---|---|
| Withdrawn | KAUAET | Central Prison Tavanur | 07/04/2012 | 894.812 7 | 1072 | Books |
